|
|
|
|
| LEADER |
00000nab a2200000 ar4500 |
| 001 |
vtls008999489 |
| 003 |
SK-MaSNL |
| 005 |
20260426090745.0 |
| 008 |
070615c2007 xo er|p|||||||000 b|slo |
| 015 |
|
|
|a SNBRB2007/06
|2 snkbucl
|
| 038 |
|
|
|a SNKBUCL
|
| 040 |
|
|
|a SNKBUCL
|b slo
|c SNKBUCL
|e AACR2
|
| 041 |
0 |
|
|a slo
|
| 044 |
|
|
|a xo
|c SK
|
| 080 |
|
|
|a 331.2:648.012.43-051
|x (437.6)
|2 2001
|
| 080 |
|
|
|a 658.012.43-051
|x (437.6)
|2 2001
|
| 080 |
|
|
|a 005-051
|x (437.6)
|2 2001
|
| 100 |
1 |
|
|a Žitňanský, Eduard,
|d 1952-2022
|4 aut
|9 110414
|
| 245 |
1 |
0 |
|a Manažéri a špecialisti - to je už iná káva
|c Eduard Žitňanský
|
| 300 |
|
|
|b Tab.
|
| 650 |
0 |
7 |
|a manažéri
|2 snkbucl
|9 1758
|
| 650 |
0 |
7 |
|a odmeňovanie
|2 snkbucl
|9 2329
|
| 651 |
|
7 |
|a Slovensko
|2 snkbucl
|9 14231
|
| 651 |
|
7 |
|a 2005-2006
|2 snkbucl
|9 1503373
|
| 773 |
0 |
|
|t Profit
|g Č. 9 (2007), s. 16-17
|x 1335-4620
|
| 852 |
|
|
|a SNK
|b KIS3GCP
|
| 958 |
|
|
|a SK
|
| 999 |
|
|
|c 3001925
|d 3003855
|